Normatividad forestal vigente (Registro nro. 19634)
[ vista simple ]
| 000 -CABECERA | |
|---|---|
| Campo de control | 00704nam a2200193 a 4500 |
| 005 - FECHA Y HORA DE LA ULTIMA TRANSACCION | |
| Campo de control | 20170810111213.0 |
| 008 - ELEMENTOS DE LONGITUD FIJA—INFORMACION GENERAL | |
| Campo de control | 170612s2008 ck |||||r|||| 00| 0 spa d |
| 040 ## - FUENTE DE CATALOGACIÓN | |
| Agencia catalogadora original | CO-BoIAVH |
| Agencia transcriptora | CO-BoIAVH |
| 041 0# - IDIOMA | |
| Código de idioma para texto/pista de sonido o título separado | Español |
| 044 ## - PAÍS DE PUBLICACIÓN | |
| País de publicación | Colombia |
| 090 ## - CLASIFICACIÓN LOCAL | |
| Colección | FG- |
| Consecutivo | 0138 |
| 245 00 - MENCION DE TITULO | |
| Título | Normatividad forestal vigente |
| 260 ## - PUBLICACION, DISTRIBUCION, ETC. (PIE DE IMPRENTA) | |
| Lugar de publicación, distribución, etc. | Pereira (Colombia) : |
| Nombre del editor, distribuidor, etc. | Corponor : |
| -- | CRQ : |
| -- | Carder : |
| -- | Cortolima, |
| Fecha de publicación, distribución, etc. | 2008. |
| 300 ## - DESCRIPCION FISICA | |
| Extensión | 44 páginas : |
| Otros detalles físicos | ilustraciones a color ; |
| Dimensiones | 23 x 21 cm. |
| 490 0# - MENCION DE SERIE | |
| Mención de serie | Serie de publicaciones FLEGT ; |
| Designación numérica/secuencial del volumen | 4 |
| 650 26 - ASIENTO SECUNDARIO DE MATERIA - TERMINO TEMATICO | |
| Término temático o nombre geográfico como elemento de entrada | Recursos forestales |
| Subdivisión general | Conservación de los recursos |
| Subdivisión geográfica | Colombia |
| Subdivisión de forma | Normas |
| 9 (RLIN) | 83005 |
| 650 26 - ASIENTO SECUNDARIO DE MATERIA - TERMINO TEMATICO | |
| Término temático o nombre geográfico como elemento de entrada | Recursos forestales |
| Subdivisión general | ordenación de los recursos |
| Subdivisión geográfica | Colombia |
| Subdivisión de forma | Normas |
| 9 (RLIN) | 83006 |
| 942 ## - ELEMENTOS ADICIONALES (KOHA) | |
| Sistema de clasificación | Local |
| Tipo de ítem | Folleto |
| Withdrawn status | Lost status | Sistema de Clasificación | Damaged status | No para préstamo | Colección | Inventariado | Ubicación Permanente | Ubicación actual | Fecha de adquisición | Total Checkouts | Número topográfico | Inventario / Código de Barras | Date last seen | Ejemplar | Price effective from | Forma de adquisición | Tipo de material |
|---|---|---|---|---|---|---|---|---|---|---|---|---|---|---|---|---|---|
| Local | Hemeroteca | Inventariado 2017 | Bogotá | Bogotá | 12/06/2017 | FG-0138 | 041431 | 12/06/2017 | Ej. 1 | 12/06/2017 | Donación | Folleto |